| 000 | 00342nam a2200133Ia 4500 | ||
|---|---|---|---|
| 008 | 231228s2005 xx 000 0 und d | ||
| 041 | _aeng | ||
| 082 |
_a332.71 _bSIN |
||
| 100 | _aSINGH (Balwinder) | ||
| 245 | _aAgricultural Credit | ||
| 250 | _aR-509 | ||
| 260 |
_aNew Delhi _bDeep and Deep Publications New Delhi _c2005 |
||
| 300 | _a276 | ||
| 999 |
_c1089195 _d1089195 |
||